000 00729nam a2200217Ia 4500
003 GCL
008 140319s9999 xx 000 0 ara d
040 _aGCL /
_cGCL
082 0 4 _a189
_bل م
100 1 _aلويس شيخو
245 1 0 _aمقالات فلسفية لمشاهير المسلمين والنصارى /
_cلويس شيخو
250 _aالثالثة
260 _aالقاهرة :
_bدار العرب للبستانى ،
_c1985
300 _a152 ص ؛
_c24سم
490 _a
650 0 4 _aالفلسفة الاسلامية
650 0 4 _aالتصوف الاسلامى
650 0 4 _aالحركات الفكرية عند المسلمين
650 0 4 _aالفلاسفة المسلمون
942 _2ddc
_cBK
999 _c35746
_d35746